Statistics for June 19th: Birthdays

Click here to take the quiz!

General Stats

  • This quiz has been taken 5 times
  • The average score is 4 of 13

Answer Stats

YearClueAnswer% Correct
1903Baseball Hall of Famer/Disease named for himLou Gehrig
100%
1978Actress in AvatarZoe Saldana
80%
1964British Prime MinisterBoris Johnson
60%
1897Part of the 3 StoogesMoe Howard
60%
1947Wrote Satanic VersesSalman Rushdie
60%
1896Duchess of WindsorWallis Simpson
40%
1623Made P=F/ABlaise Pascal
20%
1962Singer on American IdolPaula Abdul
20%
1945Won 1991 Nobel PrizeAung San Suu Kyi
0%
1861WWI GeneralDouglas Haig
0%
1566King of Great BritainJames I and VI
0%
1972Won an Oscar for Best ActorJean Dujardin
0%
1861Wrote Noli Me TángereJose Rizal
0%

Score Distribution

Percentile by Number Answered

Percent of People with Each Score

Your Score History

You have not taken this quiz